000 00509nam a2200157 i 4500
001 52947
003 ES-MaACL
005 20230906162656.0
007 t|
008 030930s1875 fr ||||1| fre d
100 1 _aDollfus, Gustave-Frédéric.
_945032
245 1 0 _aNote sur des empreintes attribuables áa une actinie?... dans les Schistes Cambriens des Moitiers d'Allonne /
_cpar Gustave Dollfus.
260 _aCherbourg :
_b[s.n.],
_c1875.
650 4 _aMoluscos.
_9136518
852 _aES-MaACL
_jT-962-F-12
999 _c52947
_d52947